Obstacles to expanding intra-african trade new forms of co-operation and integration in emerging Africa

Saved in:
Bibliographic Details
Main Author: Longo, Roberto
Corporate Author: OECD. Development Centre
Other Authors: Sekkat, Khalid
Format: Book
Language:English
Published: Paris OECD 2001
Series:Technical Papers No. 169
Subjects:
Tags: Add Tag
No Tags, Be the first to tag this record!

MARC

LEADER 00000nam a2200000 4500
001 c125093
005 20221221091545.2
041 0 |a eng 
044 |a FR 
245 1 0 |a Obstacles to expanding intra-african trade  |b new forms of co-operation and integration in emerging Africa  |c Roberto Longo and Khalid Sekkat 
264 1 |a Paris  |b OECD  |c 2001 
300 |a 40 s. 
490 1 |a Technical Papers  |v No. 169 
830 0 |a Technical Papers  |v No. 169 
610 2 0 |a obchod vnútorný 
610 2 0 |a politika obchodná 
610 2 0 |a krajiny rozvojové 
610 2 0 |a analýzy 
610 2 0 |a Afrika 
610 2 0 |a OECD 
100 1 |a Longo, Roberto 
700 1 |a Sekkat, Khalid 
710 2 |a OECD. Development Centre